Al arbitrio del mercado: reformas económicas y gobernabilidad en Centroamérica

Sin resumen

Enregistré dans:
Détails bibliographiques
Auteur principal: Sojo Obando, Carlos
Format: Texte
Publié: San José: FLACSO-Programa Costa Rica
Édition:1
Tags: Ajouter un tag
Pas de tags, Soyez le premier à ajouter un tag!

MARC

LEADER 00000 a a2200000 04500
001 5921
003
040
090 |a 124300  
100 |a Sojo Obando, Carlos  
245 |a Al arbitrio del mercado: reformas económicas y gobernabilidad en Centroamérica  
250 |a 1  
260 |a San José:   |b FLACSO-Programa Costa Rica  
300 |a 174 p  
300 |b **no definido**   |b fonodiscos  
520 |a Sin resumen  
999 |c 8662  |d 8662